banner koha

Hipoplasia testicular (discreta e moderada)e sua correlação com o perímetro escrotal em bovinos da Raça Nelore (Bos taurus Indicus) (Registro n. 177696)

MARC details
000 -LÍDER
campo de controle de tamanho fixo 00980nas a2200313 4500
001 - NÚMERO DE CONTROLE
campo de controle BR0400241
003 - IDENTIFICADOR DO NÚMERO DE CONTROLE
campo de controle BR-BrBNA
005 - DATA E HORÁRIO DA ÚLTIMA TRANSAÇÃO
campo de controle 20231205104341.0
007 - CAMPO FIXO DE DESCRIÇÃO FÍSICA--INFORMAÇÃO GERAL
campo de controle de tamanho fixo ta
008 - CAMPO DE DADOS FIXOS--INFORMAÇÃO GERAL
campo de controle de tamanho fixo 230509b bl.|||p| |||| 00| 00por d
040 ## - FONTE DA CATALOGAÇÃO
Instituição da catalogação original BR-BrBNA
Idioma da catalogação por
Instituição que transcreveu o registro Biblioteca Nacional de Agricultura
041 ## - CÓDIGO DE IDIOMA
Código do idioma do texto/trilha sonora ou título diferente (Pt)
072 ## - CÓDIGO DE CATEGORIA DE ASSUNTO
Código de Categoria de Assunto L74
100 1# - ENTRADA PRINCIPAL--NOME PESSOAL
Nome pessoal Goiozo, P.F.I.
100 1# - ENTRADA PRINCIPAL--NOME PESSOAL
Nome pessoal Lima, J.P.
100 1# - ENTRADA PRINCIPAL--NOME PESSOAL
Nome pessoal Di Santis, G.W.
100 1# - ENTRADA PRINCIPAL--NOME PESSOAL
Nome pessoal Bandarra, E.P.
100 1# - ENTRADA PRINCIPAL--NOME PESSOAL
Nome pessoal Lima, M.C.
100 1# - ENTRADA PRINCIPAL--NOME PESSOAL
Nome pessoal Balieiro, J.C.C.
100 1# - ENTRADA PRINCIPAL--NOME PESSOAL
Nome pessoal Rosas Filho, A.C.
245 1# - TÍTULO
Título Hipoplasia testicular (discreta e moderada)e sua correlação com o perímetro escrotal em bovinos da Raça Nelore (Bos taurus Indicus)
650 ## - ASSUNTO--TERMO TÓPICO
Cabeçalho tópico ou nome geográfico GADO NELORE
650 ## - ASSUNTO--TERMO TÓPICO
Cabeçalho tópico ou nome geográfico HIPOPLASIA
650 ## - ASSUNTO--TERMO TÓPICO
Cabeçalho tópico ou nome geográfico TESTÍCULO
650 ## - ASSUNTO--TERMO TÓPICO
Cabeçalho tópico ou nome geográfico SÊMEN
773 0# - ENTRADA ANALÍTICA
Título Revista Brasileira de Reprodução Animal (Brazil)
ISSN - International Standard Serial Number ISSN 0102-0803
Partes relacionadas (Jul-Sep 2003), v. 27(3) p. 559-560
Número de controle do registro BR0400241
909 ## -
-- 202311
-- Lúcia
-- 55
-- Lúcia Elande
942 ## - ELEMENTOS DE ENTRADA ADICIONADOS (KOHA)
Fonte da classificação ou esquema de arquivamento na estante Classificação AGRIS
Ocultar no OPAC Não
Tipo de material Koha Analítica
Exemplares
Situação do descarte Fonte da classificação ou esquema de arquivamento na estante Situação física Não pode ser emprestado Biblioteca de origem Biblioteca atual Localização na estante Enumeração do periódico / cronologia Total de empréstimos Data de último acesso Número do exemplar Tipo de material Koha Fonte de aquisição
  Classificação AGRIS   Consulta local Biblioteca Nacional de Agricultura - Binagri Biblioteca Nacional de Agricultura - Binagri   (Jul-Sep 2003), v. 27(3) p. 559-560   29/11/2023 01 Periódicos Portaria Interministerial nº 164/94

BINAGRI

Telefone: (61)3218-2567/2388/3357/2097 - binagri@agro.gov.br

Ministério da Agricultura e Pecuária , Esplanada dos Ministérios, Bloco D, Anexo B, Brasília/DF, CEP: 70.043-900